| 000 | 00679nam a2200229Ia 4500 | ||
|---|---|---|---|
| 001 | 113858 | ||
| 003 | DR-UNIBE | ||
| 005 | 20250710150010.0 | ||
| 008 | 250709b2005 dr ||||| |||| 00| 0 spa d | ||
| 020 | _a9993491255 | ||
| 040 |
_aBIBLIOTECA UNIBE _cBIBLIOTECA UNIBE _erda |
||
| 082 | _aRD 863 S582m | ||
| 100 |
_aSilfa Bor, Bernardo _d1967- _eautor _9197196 |
||
| 245 | 1 | 0 |
_aMascara de la imago / _cBernardo Silfa |
| 260 | 4 |
_aSanto Domingo : _bCasa de Teatro, _c2005 |
|
| 300 | 4 | _a29 páginas | |
| 650 | 7 |
_2lemb _aCuentos dominicanos |
|
| 650 | 7 |
_2lemb _aLiteratura dominicana |
|
| 700 | 1 |
_aLechuga, Vivian _eeditor _9149411 |
|
| 942 |
_cBK _2ddc |
||
| 951 | _a20061022 10:18:00 | ||
| 999 |
_c113858 _d113858 |
||